00531nam a2200145 a 450000500170000002000250001703700080004210000220005024500690007226000330014127000880017430000290026270000160029185600780030720120105141750.0 a9788184971936c65.00 bPUB aBlacker, Terence  aMs Wiz banned ! /cby Terence Blacker; illustrated by Tony Ross  aNew Delhi bBPI India c2011 aF-213 / A, Ground Floor, Old Mehrauli Badarpur Road, Lado SaraibNew Delhi e110030 a58p. c21cm(pbk) bill.  a Ross, Tony 3Table of contentsuhttp://www.loc.gov/catdir/toc/ecip0516/2005020735.html